Statistiche per indovina il pittore dell'opera d'arte

Clicka qui per fare il quiz!

Statistiche generali

  • Questo quiz è stato fatto 196 volte
  • Il punteggio medio è 8 su 16

Statistiche sulle risposte

Risposta% Corretto
leonardo da vinci
98%
michelangelo
95%
pablo picasso
90%
vincent van gogh
87%
caravaggio
70%
sandro botticelli
69%
salvador dalì
66%
claude monet
59%
francisco goya
46%
edvard munch
43%
paul cézanne
30%
paul gauguin
24%
rembrandt
19%
jan vermeer
14%
marc chagall
11%
tiziano vecellio
11%

Distribuzione punteggi

Percentile per numero di risposta

Percentuale di utenti per punteggio

I tuoi punteggi nel tempo

Non hai fatto questo quiz